රාජ්ය සේවාව තුළ ස්ත්රී පුරුෂ සමාජභාවය මූල ප්රවාහකරණය (Record no. 4491)
[ view plain ]
| 000 -LEADER | |
|---|---|
| fixed length control field | 00785nam a2200181 4500 |
| 003 - CONTROL NUMBER IDENTIFIER | |
| control field | LK-CoMWRAF |
| 005 - DATE AND TIME OF LATEST TRANSACTION | |
| control field | 20231218093155.0 |
| 008 - FIXED-LENGTH DATA ELEMENTS--GENERAL INFORMATION | |
| fixed length control field | 231215b |||||||| |||| 00| 0 eng d |
| 020 ## - INTERNATIONAL STANDARD BOOK NUMBER | |
| International Standard Book Number | 9558027030 |
| 040 ## - CATALOGING SOURCE | |
| Original cataloging agency | LK-CoMWRAF |
| Modifying agency | LK-CoMWRAF |
| Description conventions | LK-CoMWRAF |
| 041 ## - LANGUAGE CODE | |
| Language code of text/sound track or separate title | Sinhala; Sinhalese |
| 082 ## - DEWEY DECIMAL CLASSIFICATION NUMBER | |
| Classification number | 338 |
| Item number | RAJ |
| 942 ## - ADDED ENTRY ELEMENTS (KOHA) | |
| Koha item type | Books |
| 700 ## - ADDED ENTRY--PERSONAL NAME | |
| Personal name | පතිරණ, වජිරා රන්දුනු |
| Relator Term | translator |
| 245 ## - TITLE STATEMENT | |
| Title | රාජ්ය සේවාව තුළ ස්ත්රී පුරුෂ සමාජභාවය මූල ප්රවාහකරණය |
| 246 ## - VARYING FORM OF TITLE | |
| Title proper/short title | Rajya seewawa thula isthri purusha samajabhawaya moola prawahakaranaya |
| 260 ## - PUBLICATION, DISTRIBUTION, ETC. (IMPRINT) | |
| Place of publication, distribution, etc. | කොළඹ : |
| Name of publisher, distributor, etc. | ශක්ති ස්ත්රී පුරුෂ සමසාධාරණ ව්යාපෘතිය |
| Date of publication, distribution, etc. | 2003 |
| Withdrawn status | Lost status | Damaged status | Not for loan | Permanent Location | Current Location | Date acquired | Full call number | Barcode | Koha item type |
|---|---|---|---|---|---|---|---|---|---|
| Resource center, Muslim Women's Research And Action Forum | Resource center, Muslim Women's Research And Action Forum | 2023-12-15 | 338 RAJ | RAF4885 | Books | ||||
| Resource center, Muslim Women's Research And Action Forum | Resource center, Muslim Women's Research And Action Forum | 2023-12-15 | 338 RAJ | RAF4886 | Books | ||||
| Resource center, Muslim Women's Research And Action Forum | Resource center, Muslim Women's Research And Action Forum | 2023-12-18 | 338 RAJ | RAF686 | Books |

